000 00668nam a2200217 i 4500
001 25080
003 ES-MaACL
005 20250709063211.0
007 t|
008 021220s1985 sp ||||1| spa d
020 _a84-85991-28-1
100 1 _aArago, Jacques,
_d1790-1855
_922166
245 1 3 _aLa vuelta al mundo
_b: recuerdos de un ciego /
_cJacques Arago.
260 _aMadrid :
_bAnjana,
_c1985.
300 _a719 p. :
_bil. ;
_c24 cm.
490 1 _aLibros de viaje ;
_v12
500 _aEjemplar núm. 103 de una tirada de 2000.
830 0 _aLibros de viaje ;
_v12
_9229121
852 _aES-MaACL
_jL-9800
_bR.110666
999 _c25080
_d25080